| 000 | 00683nam a2200229 4500 | ||
|---|---|---|---|
| 999 |
_c6580 _d6580 |
||
| 001 | zsm2ug b1005449 | ||
| 003 | OSt | ||
| 005 | 20190117161710.0 | ||
| 008 | 780614n1971 xx 00000 und u | ||
| 040 | _cDLC | ||
| 082 |
_a282 _bM478c |
||
| 090 |
_a246.4 _bM136c |
||
| 100 | 1 | 0 | _aMcDonnell, Kilian. |
| 245 | 1 | 0 |
_aCatholic Pentecostalism: _bproblems in evaluation. |
| 260 | 0 |
_aWatchung, N.J., _bCharisma Books, _c1971. |
|
| 300 |
_a58 p. _c18 cm. |
||
| 500 | _aFirst published in Winter, 1970 issue of Dialog, p. 35-54. | ||
| 650 | 0 | _aHoly Spirit, Baptism of. | |
| 650 | 0 | _aPentecostal movement in the Catholic Church. | |
| 730 | 0 | 0 |
_aDialog. _pWinter, _f1970. |
| 942 |
_2ddc _cBK |
||